The evolution of justice, equity and equality : (Record no. 33535)
[ view plain ]
| 000 -LEADER | |
|---|---|
| fixed length control field | 03974cam a22003975i 4500 |
| 001 - CONTROL NUMBER | |
| control field | in01260000324 |
| 003 - CONTROL NUMBER IDENTIFIER | |
| control field | OSt |
| 005 - DATE AND TIME OF LATEST TRANSACTION | |
| control field | 20260427115108.0 |
| 007 - PHYSICAL DESCRIPTION FIXED FIELD--GENERAL INFORMATION | |
| fixed length control field | t| |
| 008 - FIXED-LENGTH DATA ELEMENTS--GENERAL INFORMATION | |
| fixed length control field | 260202s2026 enk b 001 0 eng d |
| 010 ## - LIBRARY OF CONGRESS CONTROL NUMBER | |
| LC control number | 2026348018 |
| 020 ## - INTERNATIONAL STANDARD BOOK NUMBER | |
| International Standard Book Number | 9781041102533 |
| Qualifying information | hardback |
| 020 ## - INTERNATIONAL STANDARD BOOK NUMBER | |
| International Standard Book Number | 9781041102601 |
| Qualifying information | paperback |
| 020 ## - INTERNATIONAL STANDARD BOOK NUMBER | |
| Canceled/invalid ISBN | 9781040433249 |
| Qualifying information | ePub ebook |
| 020 ## - INTERNATIONAL STANDARD BOOK NUMBER | |
| Canceled/invalid ISBN | 9781040433195 |
| Qualifying information | PDF ebook |
| 040 ## - CATALOGING SOURCE | |
| Original cataloging agency | MMARA-U |
| Language of cataloging | eng |
| Description conventions | MMARA-U |
| Transcribing agency | MMARA-U |
| Modifying agency | MMARA-U |
| 050 14 - LIBRARY OF CONGRESS CALL NUMBER | |
| Classification number | K235 |
| Item number | .E96 2026 |
| 245 04 - TITLE STATEMENT | |
| Title | The evolution of justice, equity and equality : |
| Remainder of title | practical wisdom from the past / |
| Statement of responsibility, etc. | edited by Iwona Barwicka-Tylek, Jan Halberda, Maciej Mikuła. |
| 260 ## - PUBLICATION, DISTRIBUTION, ETC. (IMPRINT) | |
| Place of publication, distribution, etc. | London : |
| Name of publisher, distributor, etc. | Routledge, |
| Date of publication, distribution, etc. | 2026. |
| 264 #1 - PRODUCTION, PUBLICATION, DISTRIBUTION, MANUFACTURE, AND COPYRIGHT NOTICE | |
| Place of production, publication, distribution, manufacture | London : |
| Name of producer, publisher, distributor, manufacturer | Routledge, |
| Date of production, publication, distribution, manufacture, or copyright notice | 2026. |
| 300 ## - PHYSICAL DESCRIPTION | |
| Extent | x, 203 pages : |
| Dimensions | 24 cm |
| 490 0# - SERIES STATEMENT | |
| Series statement | Routledge studies in comparative legal history |
| 500 ## - GENERAL NOTE | |
| General note | Includes bibliographical references and index. |
| 504 ## - BIBLIOGRAPHY, ETC. NOTE | |
| Bibliography, etc | Includes bibliographical references and index. |
| 505 0# - FORMATTED CONTENTS NOTE | |
| Formatted contents note | Introduction: Kaleidoscope / Iwona Barwicka-Tylek, Jan Halberda, and Maciej Mikuła -- 1. The historians craft and ethical values. A lesson from Aristotle / Iwona Barwicka-Tylek -- 2. Justice as an empty principle in post-structuralist legal thought. Towards neohistorical Jurisprudence? / Tomás Gábri -- Part 1. Law & Justice -- 3. The concept of justice in Polish municipal law in the 16th18th Centuries / Maciej Mikuła -- 4. Good morals as the yardstick of Cartels validity in Hungarian private law at the turn of the 20th Century / Norbert Varga -- Part 2. Law & equity -- 5. Legitimacy and equity in the 11th century? Age-old Messages from Susali / Adrian Schmidt-Recla -- 6. Visions of equity / Guido Rossi -- 7. The concept of equity in Austrian private law. From the origins of the Austrian General Civil Code (ABGB) to the present day / Kamila Staudigl-Ciechowicz -- Part 3. Law & equality -- 8. Liberty and inequality in Ciceros Oratio Pro Sestio / Francisco J. Andrés Santos -- 9. Equity and equality in Richard Franciss Maxims of Equity / Jan Halberda |
| 520 ## - SUMMARY, ETC. | |
| Summary, etc. | "This book presents a comprehensive exploration of historical perspectives on justice, equity, and equality, which have been, and still are, considered as the core values of any balanced political system. Combining historical methodology with wider philosophical and ethical insights, the volume offers a unique contribution to the fields of legal history, legal heritage, and legal culture. Bringing together scholars who specialise in different historical periods, the book covers a variety of concepts and practices, but also identifies some universal ideas about justice, equity, and equality that have been stimulating the development of the European political and legal tradition throughout the ages. In this way, it provides a multidisciplinary approach that advances the field of legal studies. By bridging the disciplines of history, law, and philosophy, the book demonstrates the interconnectedness of these fields and highlights how historical legal concepts can inform contemporary discussions. As such, it will be a valuable resource for academics and researchers working in these and related areas." -- The publisher. |
| 650 #0 - SUBJECT ADDED ENTRY--TOPICAL TERM | |
| Topical term or geographic name as entry element | Law |
| General subdivision | Philosophy |
| Authority record control number | http://id.loc.gov/authorities/subjects/sh85075139 |
| 9 (RLIN) | 3185 |
| 650 #0 - SUBJECT ADDED ENTRY--TOPICAL TERM | |
| Topical term or geographic name as entry element | Law |
| General subdivision | History |
| Authority record control number | http://id.loc.gov/authorities/subjects/sh85075133 |
| 9 (RLIN) | 3186 |
| 650 #6 - SUBJECT ADDED ENTRY--TOPICAL TERM | |
| Topical term or geographic name as entry element | Droit |
| General subdivision | Histoire |
| 9 (RLIN) | 3187 |
| 650 #7 - SUBJECT ADDED ENTRY--TOPICAL TERM | |
| Topical term or geographic name as entry element | Law |
| General subdivision | Philosophy |
| Source of heading or term | fast |
| 9 (RLIN) | 3185 |
| 650 #7 - SUBJECT ADDED ENTRY--TOPICAL TERM | |
| Topical term or geographic name as entry element | Law |
| General subdivision | History |
| Source of heading or term | fast |
| Authority record control number | http://id.worldcat.org/fast/993743 |
| -- | (OCoLC)fst00993743 |
| 9 (RLIN) | 3186 |
| 700 1# - ADDED ENTRY--PERSONAL NAME | |
| Personal name | Halberda, Jan |
| Relator term | editor |
| Relator code | http://id.loc.gov/vocabulary/relators/edt |
| 9 (RLIN) | 3188 |
| 700 1# - ADDED ENTRY--PERSONAL NAME | |
| Personal name | Mikuła, Maciej |
| Relator term | editor |
| Relator code | http://id.loc.gov/vocabulary/relators/edt |
| Authority record control number | http://id.loc.gov/authorities/names/no2017118305 |
| 9 (RLIN) | 3189 |
| 776 1# - ADDITIONAL PHYSICAL FORM ENTRY | |
| Relationship information | Ebook version |
| Relationshop code | http://id.loc.gov/entities/relationships/ebookversion |
| Title | The evolution of justice, equity and equality : practical wisdom from the past |
| International Standard Book Number | 9781040433249 |
| 942 ## - ADDED ENTRY ELEMENTS (KOHA) | |
| Source of classification or shelving scheme | Library of Congress Classification |
| Koha item type | L |
| Withdrawn status | Lost status | Source of classification or shelving scheme | Damaged status | Not for loan | Home library | Current library | Date acquired | Source of acquisition | Cost, normal purchase price | Total Checkouts | Full call number | Barcode | Date last seen | Price effective from | Koha item type |
|---|---|---|---|---|---|---|---|---|---|---|---|---|---|---|---|
| Library of Congress Classification | Maasai Mara University Library -Main Campus | Maasai Mara University Library -Main Campus | 04/27/2026 | Donation | 33405.17 | K 235 .E96 2026 | 26040828 | 04/27/2026 | 04/27/2026 | L |